El viaje del joven Tobías (Record no. 146107)

MARC details
000 -LEADER
campo de control de longitud fija 01029nam a2200217 4500
001 - NÚMERO DE CONTROL
campo de control 146107
003 - IDENTIFICADOR DE NÚMERO DE CONTROL
campo de control ES-MaACL
005 - FECHA Y HORA DE LA ÚLTIMA TRANSACCIÓN
campo de control 20250323063045.0
007 - CAMPO FIJO DE DESCRIPCIÓN FÍSICA--INFORMACIÓN GENERAL
campo de control de longitud fija t|
008 - DATOS DE LONGITUD FIJA--INFORMACIÓN GENERAL
campo de control de longitud fija 070731s1938 sp af |||| | spa d
080 ## - NÚMERO DE LA CLASIFICACIÓN DECIMAL UNIVERSAL
Número de la Clasificación Decimal Universal 821.134.2-2"19"
100 1# - ENTRADA PRINCIPAL--NOMBRE DE PERSONA
Nombre de persona Torrente Ballester, Gonzalo,
Fechas asociadas al nombre 1910-1999
9 (RLIN) 110850
245 13 - MENCIÓN DEL TÍTULO
Título El viaje del joven Tobías
Resto del título : milagro representable en siete coloquios /
Mención de responsabilidad, etc. Gonzalo Torrente Ballester ; ilustraciones de Juan Cabanas.
260 ## - PUBLICACIÓN, DISTRIBUCIÓN, ETC.
Lugar de publicación, distribución, etc. [Bilbao] :
Nombre del editor, distribuidor, etc. Jerarquía,
Fecha de publicación, distribución, etc. 1938 (
Fabricante Typis Griielmi)
300 ## - DESCRIPCIÓN FÍSICA
Extensión 271 p., [8] h. de lám. ;
Dimensiones 24 cm.
595 ## -
-- Edit. por la Delegación Nacional de Prensa y Propaganda de Falange Española Tradicionalista y de las Jons.
700 1# - ENTRADA AGREGADA--NOMBRE PERSONAL
Nombre de persona Cabanas, Juan (
Fechas asociadas al nombre 1907-1979)
9 (RLIN) 33127
710 2# - ENTRADA AGREGADA--NOMBRE DE ENTIDAD CORPORATIVA
Nombre de entidad corporativa o nombre de jurisdicción como elemento de entrada Movimiento Nacional (España).
Unidad subordinada Delegación Nacional de Prensa, Propaganda y Radio.
9 (RLIN) 5783
852 4# - LOCALIZACIÓN
Ubicación ES-MaACL
Número de control de estantería A-4761
Nota libre . - Dedicatoria manuscrita del autor a la Biblioteca del Ateneo
-- . - Enc. hol.; conservando cub. originales.
Holdings
Estatus retirado Estado de pérdida Estado de daño No para préstamo Biblioteca de origen Biblioteca actual Ubicación en estantería Fecha de adquisición Fuente de adquisición Total de préstamos Signatura topográfica completa Código de barras Visto por última vez Precio de reemplazo Tipo de ítem Koha
        Biblioteca del Ateneo de Madrid Biblioteca del Ateneo de Madrid Sala Pecera Planta 1 17/01/2008     A-4761 1152501 23/02/2023 23/02/2023 Libro impreso